00902nam a22002777a 45000010005000000030006000050050017000110080041000280200018000690400029000870500019001160820011001351000028001462450056001742500018002302600041002483000054002894900021003435050008003645200098003725210023004705210020004936500035005136500044005487000032005927082FISKH20250822135132.0250620b cb ||||| |||| 00| 0 eng d a9780823953110 aFISKHbengcFISKHdFISKH aQL696.S473 G46 a598.47 aGibsson, Deborah Chase  aPenguins and their homes /cBy Deborah Chase Gibson aFirst Edition aNew York :bPowerKids Press ,c1999. a24 pages : bcolor illustrations ;c23 x 24 cm .  aAnimal Habitats  aN  aPresents an overview of different kinds of penguins and how and where they make their homes. 8 a590 bLexile IG 8 aN bRaz-Plus  aPenguins vJuvenile Literature aPenguins- HabitativJuvenile Literature aSonsky, Kim eBook Designer